| 000 | 00718nam a2200241 a 4500 | ||
|---|---|---|---|
| 999 |
_c9284 _d9284 |
||
| 001 | 9284 | ||
| 003 | BD-JhCC | ||
| 005 | 20181001172016.0 | ||
| 008 | 180312s1967 p |||| || | 000 0 eng d | ||
| 035 | _a(BD-JhCC)9284 | ||
| 040 |
_aBD-JhCC _dBD-JhCC |
||
| 041 | _aeng | ||
| 082 |
_a956.94 _bLAQ 1967 |
||
| 245 |
_aLa Question Palestinienne / _c Colloque de Juristes Arabes sur la Palestine. Algiers. |
||
| 260 |
_aPakistan : _bAlger _c1967 |
||
| 300 |
_a237 p. : _c24 cm. |
||
| 650 | _aJewish-Arab relations | ||
| 650 | _aMiddle East--Palestine | ||
| 650 | _aPolitics and government | ||
| 710 |
_aColloque de Juristes Arabes sur la Palestine. Algiers. _d22-27, July 1967 |
||
| 942 |
_2ddc _cBK |
||